舒蘭河上 : 台北水路踏查

資料類型: Book 圖書   書目號:51655

Leader xxxxxxxxxx
001 __ 102488/8/01
005 __ 20171120175608.213
010 0_ |a978-986-387-182-8|b平裝|d新臺幣340元
042 __ |anbim
100 __ |a20171120d2017    m  y0chiy50      e
101 0_ |achi
102 __ |atw
105 __ |aa   z   000cy
200 1_ |a舒蘭河上|e台北水路踏查|f謝海盟著
205 __ |a初版
210 __ |a新北市|cINK印刻文學|d2017[民106]
215 0_ |a300面|c|d23公分
225 12 |a印刻文學|v538
300 __ |a
517 1_ |a臺北水路踏查|zchi
606 __ |2cst|a散文
681 __ |a855|b8225
700 _1 |a|b海盟|4
702 __ |a|b|4
801 _0 |atw|bLibDipper|c20171120|gCCR
  
詳細館藏(共 1 筆)
索 書 號登 錄 號冊次號館別 / 館藏地流通類型狀態加入預約清單電子資源
855 / 8225 1024888  圖書館 / 一樓普通區 可外借30天 在館   

| 條列資料




目錄查詢 分類查詢 個人資料 圖書薦購 新書查詢 閉館日 排行榜 更多電子資源 Hami書城 線上資料庫 登出

From : 216.73.217.87

  本日流通累計至 22:57:50 借閱 : 1 次 續借 : 0 次 歸還 : 2 次 預約 : 0 次 電子資源 : 0 次


內湖高中圖書館  PCLIS 版本  26.5.0.12